The Legend of Korra Villains - Statistics

General Stats
  • This quiz has been taken 12 times
  • The average score is 11 of 15
Answer Stats
Picture Answer % Correct
Amon
100%
Unalaq
100%
Vaatu
100%
Zaheer
100%
Kuvira
80%
P'Li
80%
Baatar Jr.
60%
Desna
60%
Earth Queen
60%
Eska
60%
Ghazan
60%
Hiroshi Sato
60%
Lieutenant
60%
Ming-Hua
60%
Tarrlok
60%
No matching quizzes found
Score Distribution
Percent of People with Each Score
Percentile by Number Answered
Your Score History
You have not taken this quiz